| 000 | 00562nam a22002057a 4500 | ||
|---|---|---|---|
| 003 | OSt | ||
| 005 | 20140310182904.0 | ||
| 008 | 130126t xxu||||| |||| 00| 0 eng d | ||
| 020 | _a9711111071 | ||
| 050 |
_aHM 51 _bSa161 2001 |
||
| 082 |
_aFIL 301 _bG21 2001 |
||
| 245 |
_aGeneral sociology : with introduction to anthropology _cLucila L. Salcedo...[et al.]. |
||
| 260 |
_aQuezon City _bJMC Press _cc2001 |
||
| 300 |
_axi, 200 p. ; _c25 cm. |
||
| 521 | _aCollege | ||
| 526 | _c1210L-1700L | ||
| 541 | _j1 | ||
| 562 | _e1 | ||
| 942 |
_2lcc _cBK _kFIL |
||
| 999 |
_c17132 _d17132 |
||